[Event "4NCL/Div4/BRJ vs. OXF2"]
[Site "West Bromwich ENG"]
[Date "2004.05.31"]
[Round "9.2"]
[White "Webster, Ian"]
[Black "Haydon, Richard"]
[Result "1-0"]
[WhiteElo "1856"]
[BlackElo "2197"]
[PlyCount "95"]
[EventDate "2004.05.31"]

1. e4 c5 2. Nf3 Nc6 3. d4 cxd4 4. Nxd4 e6 5. Nb5 d6 6. c4 Nf6 7. N1c3 a6 8. Na3
Be7 9. Be3 O-O 10. Be2 b6 11. O-O Qc7 12. f4 Bb7 13. Rc1 Nb8 14. Bf3 Nbd7 15.
Qe2 Rac8 16. Rfd1 Qb8 17. Bd4 Rfe8 18. Nc2 h6 19. Ne1 e5 20. fxe5 Nxe5 21. Nd5
Bd8 22. Bxe5 Rxe5 23. Qd3 Re6 24. Nc2 Nd7 25. Nd4 Ne5 26. Qf1 Bg5 27. Rc3 Rf8
28. Qe2 Ree8 29. Qc2 Bd8 30. Nf5 Kh7 31. Qd2 Re6 32. Kh1 Rfe8 33. Nf4 Bg5 34.
h4 Nxf3 35. gxf3 Bf6 36. Rd3 Rxe4 37. Nxd6 R4e7 38. Nxe8 Rxe8 39. Nd5 Qg3 40.
Rg1 Qxh4+ 41. Qh2 Qxh2+ 42. Kxh2 Bxd5 43. cxd5 Be5+ 44. Kh3 Bd6 45. Rc1 Re2 46.
Rc6 Bf4 47. Kg4 g5 48. d6 1-0

[Event "4NCL/Div4/BRJ vs. OXF2"]
[Site "West Bromwich ENG"]
[Date "2004.05.31"]
[Round "9.3"]
[White "Headlong, Timothy"]
[Black "Ludbrook, Matt"]
[Result "1/2-1/2"]
[WhiteElo "2196"]
[BlackElo "1816"]
[PlyCount "81"]
[EventDate "2004.05.31"]

1. Nf3 Nf6 2. c4 g6 3. Nc3 Bg7 4. e4 d6 5. d4 O-O 6. Be2 c5 7. O-O Nc6 8. d5
Na5 9. Bd2 e6 10. h3 a6 11. Bd3 exd5 12. exd5 Bd7 13. Qc2 b5 14. b3 Qb6 15.
Rab1 b4 16. Ne2 Bc8 17. Nh2 Ra7 18. Kh1 Ne8 19. g4 f5 20. f4 Bh6 21. Rf2 Raf7
22. Rbf1 Nb7 23. Bc1 Qd8 24. Rf3 Bd7 25. Ng3 fxg4 26. hxg4 Qh4 27. f5 Bxc1 28.
Qxc1 Ng7 29. Kg2 gxf5 30. gxf5 Nh5 31. Nxh5 Qxh5 32. f6 Kh8 33. Qe3 Qh4 34. Qf4
Rg8+ 35. Kh1 Rg4 36. Qe3 Rg5 37. Rf4 Qh6 38. Qf2 a5 39. Rg1 a4 40. Rxg5 Qxg5
41. Bc2 1/2-1/2

[Event "4NCL/Div4/BRJ vs. OXF2"]
[Site "West Bromwich ENG"]
[Date "2004.05.31"]
[Round "9.4"]
[White "Duggan, Chris"]
[Black "Bourne, Johnathan"]
[Result "1-0"]
[WhiteElo "1848"]
[BlackElo "2032"]
[PlyCount "65"]
[EventDate "2004.05.31"]

1. e4 e5 2. Nf3 Nc6 3. Bb5 f5 4. Nc3 Nf6 5. exf5 e4 6. Qe2 Qe7 7. Nh4 Nd4 8.
Qd1 Qe5 9. Be2 d5 10. O-O Bd6 11. g3 Nxf5 12. Nxf5 Bxf5 13. d3 c6 14. dxe4 Nxe4
15. Nxe4 Bxe4 16. Bf4 Qf6 17. Bxd6 Qxd6 18. Bf3 Bxf3 19. Re1+ Kf7 20. Qxf3+ Qf6
21. Qb3 Rhf8 22. Re2 b6 23. c4 Rad8 24. Rd1 Qf5 25. Red2 Kg8 26. f4 Qf7 27.
cxd5 Rxd5 28. Rxd5 cxd5 29. Rxd5 Re8 30. Kf2 Kf8 31. Qb4+ Kg8 32. Qd4 Qh5 33.
Rxh5 1-0

[Event "4NCL/Div4/BRJ vs. OXF2"]
[Site "West Bromwich ENG"]
[Date "2004.05.31"]
[Round "9.5"]
[White "Bareham, David"]
[Black "Terry, Sean"]
[Result "1/2-1/2"]
[WhiteElo "2104"]
[BlackElo "1896"]
[PlyCount "34"]
[EventDate "2004.05.31"]

1. d3 g6 2. Nd2 Bg7 3. g3 c6 4. Bg2 d6 5. e3 e5 6. Rb1 f5 7. Ne2 Be6 8. a3 Nf6
9. b4 Ba2 10. Ra1 Bd5 11. e4 Be6 12. Bb2 O-O 13. O-O Nbd7 14. d4 Nxe4 15. Nxe4
fxe4 16. Bxe4 Bh3 17. Bg2 Bxg2 1/2-1/2

[Event "4NCL/Div4/BRJ vs. OXF2"]
[Site "West Bromwich ENG"]
[Date "2004.05.31"]
[Round "9.6"]
[White "Harrison, Pete R"]
[Black "Tanner, Gary"]
[Result "1/2-1/2"]
[WhiteElo "1600"]
[BlackElo "1640"]
[PlyCount "39"]
[EventDate "2004.05.31"]

1. d4 Nf6 2. Nf3 g6 3. e3 Bg7 4. Be2 O-O 5. O-O d6 6. c4 Nbd7 7. Nc3 e5 8. b4
exd4 9. exd4 Re8 10. Bg5 h6 11. Bxf6 Nxf6 12. Qc2 Bf5 13. Bd3 Bxd3 14. Qxd3 Qd7
15. Rfe1 Kf8 16. Rad1 b6 17. d5 a5 18. b5 Rxe1+ 19. Rxe1 Re8 20. Rxe8+ 1/2-1/2

[Event "4NCL/Div4/CAMB vs. HKF2"]
[Site "West Bromwich ENG"]
[Date "2004.06.19"]
[Round "10.1"]
[White "Mah, Karl C C"]
[Black "Ogunshola, Ben"]
[Result "1-0"]
[WhiteElo "2424"]
[BlackElo "2178"]
[PlyCount "53"]
[EventDate "2004.06.19"]

1. c4 Nf6 2. g3 g6 3. Bg2 Bg7 4. Nc3 d6 5. e4 e5 6. Nge2 Be6 7. d3 Nc6 8. O-O
Qd7 9. Nd5 O-O 10. Rb1 a5 11. a3 a4 12. f4 Nh5 13. f5 gxf5 14. Nec3 Nf6 15.
Nxf6+ Bxf6 16. exf5 Bxf5 17. Bxc6 bxc6 18. Qf3 Bh3 19. Qxf6 Bxf1 20. Bh6 Qg4
21. Rxf1 Qg6 22. Bxf8 Kxf8 23. Qh8+ Qg8 24. Qxg8+ Kxg8 25. Kf2 Kg7 26. Ke2 Kg6
27. g4 1-0

[Event "4NCL/Div4/CAMB vs. HKF2"]
[Site "West Bromwich ENG"]
[Date "2004.06.19"]
[Round "10.2"]
[White "Pym, Thomas W"]
[Black "Alfred, Nathan S W"]
[Result "0-1"]
[WhiteElo "2050"]
[BlackElo "2356"]
[PlyCount "82"]
[EventDate "2004.06.19"]

1. e4 e6 2. d4 d5 3. exd5 exd5 4. Bd3 Bd6 5. Nf3 Ne7 6. O-O Bg4 7. Bg5 c6 8.
Nbd2 Qc7 9. Bxe7 Bxe7 10. c3 Nd7 11. Qc2 O-O-O 12. b4 Kb8 13. Rfb1 Bd6 14. a4
Rc8 15. c4 dxc4 16. Bxc4 Nb6 17. Bf1 Nd5 18. b5 cxb5 19. Qxc7+ Rxc7 20. Rxb5
Nc3 21. Rb3 Be6 22. Rb2 Bd5 23. Ne5 f6 24. Nec4 Bf4 25. Ne3 Bf7 26. g3 Bh6 27.
Nf5 Rd8 28. Nxh6 gxh6 29. Nf3 Bh5 30. Nh4 Rxd4 31. Nf5 Rxa4 32. Re1 Re4 33.
Rxe4 Nxe4 34. Nxh6 Bf3 35. Nf5 Rc1 36. Nd4 Bg4 37. Kg2 Ng5 38. h4 Bh3+ 39. Kh2
Bxf1 40. hxg5 fxg5 41. Ne6 g4 0-1

[Event "4NCL/Div4/CAMB vs. HKF2"]
[Site "West Bromwich ENG"]
[Date "2004.06.19"]
[Round "10.3"]
[White "Moskovic, David M"]
[Black "Caldarar, Mihai"]
[Result "1/2-1/2"]
[WhiteElo "2274"]
[BlackElo "2116"]
[PlyCount "41"]
[EventDate "2004.06.19"]

1. e4 d6 2. d4 Nf6 3. Nc3 g6 4. f4 Bg7 5. Nf3 O-O 6. Be3 c5 7. dxc5 Qa5 8. Bd3
Ng4 9. Bd2 Qxc5 10. Qe2 Nf6 11. Be3 Qa5 12. O-O Nc6 13. a3 Bg4 14. Kh1 Nh5 15.
Qe1 Bxf3 16. Rxf3 e6 17. Rd1 d5 18. exd5 exd5 19. Bd2 Rfe8 20. Qh4 Qd8 21. Qf2
1/2-1/2

[Event "4NCL/Div4/CAMB vs. HKF2"]
[Site "West Bromwich ENG"]
[Date "2004.06.19"]
[Round "10.4"]
[White "Fowler, Simon"]
[Black "Mutton, Jonathan B"]
[Result "0-1"]
[WhiteElo "2119"]
[BlackElo "2186"]
[PlyCount "82"]
[EventDate "2004.06.19"]

1. d4 Nf6 2. Bg5 d5 3. Bxf6 gxf6 4. c4 dxc4 5. e4 f5 6. Bxc4 Bg7 7. Qh5 O-O 8.
Nf3 Nd7 9. Bxf7+ Rxf7 10. Ng5 Rf6 11. Qxh7+ Kf8 12. e5 Nxe5 13. Qh5 Rh6 14. Qd1
Nf7 15. Nf3 Re6+ 16. Kf1 b6 17. Nc3 Bb7 18. d5 Rd6 19. Qc2 Qd7 20. Nh4 Bxd5 21.
Nxd5 Rxd5 22. Re1 Kg8 23. Ng6 e6 24. h4 Rd8 25. Rh3 Rd1 26. Ne7+ Kh7 27. Nc6
Qd2 28. Qxd2 R8xd2 29. Rxd1 Rxd1+ 30. Ke2 Rb1 31. Rd3 Rxb2+ 32. Kf3 Rc2 33. Rd7
Rxc6 34. Rxf7 Kg6 35. Rd7 Bf6 36. g3 a5 37. Kg2 a4 38. f3 Rc2+ 39. Kh3 a3 40.
g4 fxg4+ 41. fxg4 Rc3+ 0-1

[Event "4NCL/Div4/CAMB vs. HKF2"]
[Site "West Bromwich ENG"]
[Date "2004.06.19"]
[Round "10.5"]
[White "Spencer, Carl"]
[Black "Forman, Karl L"]
[Result "1/2-1/2"]
[WhiteElo "1880"]
[BlackElo "2028"]
[PlyCount "51"]
[EventDate "2004.06.19"]

1. e4 Nf6 2. e5 Nd5 3. d4 d6 4. Nf3 Bf5 5. Be2 Nc6 6. exd6 exd6 7. O-O Be7 8.
a3 O-O 9. c4 Nb6 10. Nc3 Bf6 11. b3 Re8 12. Be3 Qd7 13. Rc1 a5 14. c5 dxc5 15.
dxc5 Bxc3 16. cxb6 Bb2 17. Qxd7 Bxd7 18. Rcd1 Be6 19. bxc7 Bxa3 20. Bc4 Rac8
21. Bxe6 Rxe6 22. Rd7 Rd6 23. Rd1 Rxd1+ 24. Rxd1 Rxc7 25. Bb6 Re7 26. Bxa5
1/2-1/2

[Event "4NCL/Div4/CAMB vs. HKF2"]
[Site "West Bromwich ENG"]
[Date "2004.06.19"]
[Round "10.6"]
[White "Hogarth, Mark J"]
[Black "Kapadia, Sujit"]
[Result "1-0"]
[WhiteElo "1932"]
[BlackElo "1744"]
[PlyCount "107"]
[EventDate "2004.06.19"]

1. e4 c5 2. Nc3 Nc6 3. f4 g6 4. Nf3 Bg7 5. Bb5 d6 6. Bxc6+ bxc6 7. O-O e6 8.
Qe1 Ne7 9. d3 Qb6 10. Kh1 Ba6 11. b3 d5 12. Na4 Qc7 13. Rb1 c4 14. dxc4 dxc4
15. Rf2 cxb3 16. axb3 O-O 17. Nc5 Bb7 18. Bd2 Nc8 19. e5 Nb6 20. Ba5 Rfd8 21.
Rd1 Bf8 22. b4 Rd5 23. Ne4 Rxd1 24. Qxd1 c5 25. Nf6+ Kh8 26. b5 Rd8 27. Rd2
Rxd2 28. Nxd2 Be7 29. Nde4 Qd8 30. Qxd8+ Bxd8 31. Bxb6 Bxb6 32. Nd6 Bd5 33. c4
Ba8 34. Nxf7+ Kg7 35. Nd6 Bd8 36. Nde8+ Kh8 37. Nd7 Be7 38. Nc7 Be4 39. Nxe6
Bd3 40. Nexc5 Bxc4 41. b6 axb6 42. Nxb6 Ba2 43. Ncd7 h5 44. Kg1 Kg7 45. Kf2 Kf7
46. Ke3 Ke6 47. g3 Kf5 48. h3 g5 49. Nc8 gxf4+ 50. gxf4 Ba3 51. Nd6+ Ke6 52.
Nf8+ Kd5 53. Ne4 Bxf8 54. Nc3+ 1-0

[Event "4NCL/Div4/NOTT vs. BRJ"]
[Site "West Bromwich ENG"]
[Date "2004.06.19"]
[Round "10.1"]
[White "Barnes, Michael H"]
[Black "Richmond, Peter A"]
[Result "1/2-1/2"]
[WhiteElo "2262"]
[BlackElo "2251"]
[PlyCount "75"]
[EventDate "2004.06.19"]

1. e4 c5 2. Nf3 Nc6 3. Bb5 e6 4. Bxc6 dxc6 5. O-O Qc7 6. e5 Ne7 7. d3 Ng6 8.
Re1 Be7 9. Qe2 Bd7 10. Nc3 O-O-O 11. Ng5 Rdf8 12. f4 h6 13. Nf3 f5 14. Be3 Rfg8
15. a4 Nf8 16. Qf2 g5 17. Bxc5 Bxc5 18. Qxc5 Qb6 19. Qxb6 axb6 20. fxg5 hxg5
21. a5 bxa5 22. Rxa5 g4 23. Nd2 Kc7 24. Ra8 Ng6 25. Rxg8 Rxg8 26. d4 Ra8 27.
Kf2 b6 28. Nb3 Rh8 29. Kg3 f4+ 30. Kxg4 Rxh2 31. Re2 Be8 32. Ne4 Nh4 33. Ng5
Kd7 34. Kxf4 Rxg2 35. Rxg2 Nxg2+ 36. Kg3 Ne3 37. c3 Nd5 38. Kf3 1/2-1/2

[Event "4NCL/Div4/NOTT vs. BRJ"]
[Site "West Bromwich ENG"]
[Date "2004.06.19"]
[Round "10.2"]
[White "Haydon, Richard"]
[Black "Mercs, Peter J"]
[Result "1-0"]
[WhiteElo "2197"]
[BlackElo "2121"]
[PlyCount "87"]
[EventDate "2004.06.19"]

1. Nf3 c5 2. g3 g6 3. Bg2 Bg7 4. O-O Nc6 5. d3 e6 6. e4 d6 7. c3 Nge7 8. d4
cxd4 9. cxd4 O-O 10. Re1 d5 11. e5 Nf5 12. b3 Qb6 13. Bb2 Bd7 14. Na3 f6 15.
Nc2 fxe5 16. dxe5 h6 17. Ne3 Nxe3 18. Rxe3 Ne7 19. Bd4 Qd8 20. Bc5 b6 21. Ba3
Rc8 22. Rc1 Rf7 23. Rec3 Rxc3 24. Rxc3 Nc6 25. Bd6 Bf8 26. Qc2 Ne7 27. Nh4 g5
28. Ng6 Nxg6 29. Qxg6+ Bg7 30. Bf1 Rf5 31. Bd3 Qe8 32. Qxe8+ Bxe8 33. Bxf5 exf5
34. Rc8 Kf7 35. Rc7+ Kg6 36. Rxa7 f4 37. gxf4 gxf4 38. Kg2 h5 39. Kf3 Bh6 40.
Re7 Bf7 41. e6 Bg8 42. Bxf4 Bxf4 43. Kxf4 Kf6 44. Rb7 1-0

[Event "4NCL/Div4/NOTT vs. BRJ"]
[Site "West Bromwich ENG"]
[Date "2004.06.19"]
[Round "10.3"]
[White "Walker, Andrew N"]
[Black "Headlong, Timothy"]
[Result "0-1"]
[WhiteElo "1968"]
[BlackElo "2196"]
[PlyCount "96"]
[EventDate "2004.06.19"]

1. e4 c5 2. Nc3 Nc6 3. g3 g6 4. Bg2 Bg7 5. d3 d6 6. Be3 Rb8 7. Qd2 b5 8. Nge2
Nd4 9. O-O b4 10. Nd1 Nxe2+ 11. Qxe2 e6 12. Qd2 Qb6 13. h4 h5 14. f4 f5 15. Kh1
Nh6 16. Bf3 Ng4 17. Bg1 O-O 18. Qg2 Qc7 19. Rc1 Re8 20. c4 bxc3 21. Nxc3 Ba6
22. Rfd1 Qb6 23. Rc2 Rbc8 24. Rcd2 Bd4 25. Re1 Kf7 26. Nd1 Bb5 27. Nc3 Ba6 28.
Nd1 Rc7 29. Ne3 Qa5 30. Nc4 Bxc4 31. dxc4 Rb8 32. Bxd4 cxd4 33. Bxg4 Rxb2 34.
Red1 Rxd2 35. Qxd2 Qxd2 36. Rxd2 hxg4 37. exf5 gxf5 38. Rxd4 Ke7 39. Kg1 e5 40.
fxe5 dxe5 41. Rd5 Ke6 42. Ra5 Rxc4 43. Rxa7 f4 44. gxf4 exf4 45. Ra3 Rc5 46.
Kf2 Kf5 47. Ra4 g3+ 48. Kg2 Kg4 0-1

[Event "4NCL/Div4/NOTT vs. BRJ"]
[Site "West Bromwich ENG"]
[Date "2004.06.19"]
[Round "10.4"]
[White "Bourne, Johnathan"]
[Black "Truman, Richard G"]
[Result "1-0"]
[WhiteElo "2032"]
[BlackElo "2023"]
[PlyCount "59"]
[EventDate "2004.06.19"]

1. e4 c5 2. Nf3 d6 3. d4 cxd4 4. Nxd4 Nf6 5. Nc3 a6 6. a4 e6 7. Be3 Be7 8. Be2
Qc7 9. O-O O-O 10. f4 Nc6 11. Nb3 b6 12. Bf3 Bb7 13. Qe2 Rfe8 14. Rad1 Bf8 15.
Qf2 Nd7 16. Kh1 Rab8 17. Be2 Nc5 18. Rd2 Nb4 19. Bf3 Ba8 20. Rfd1 Bc6 21. a5
bxa5 22. Nxc5 dxc5 23. Bxc5 Qxf4 24. Ne2 Qc7 25. c3 Ba4 26. Bxf8 Rxf8 27. Ra1
Rbd8 28. Rxd8 Rxd8 29. cxb4 axb4 30. Rxa4 1-0

[Event "4NCL/Div4/NOTT vs. BRJ"]
[Site "West Bromwich ENG"]
[Date "2004.06.19"]
[Round "10.5"]
[White "Webster, Richard J"]
[Black "Tomboline, David"]
[Result "0-1"]
[WhiteElo "2031"]
[BlackElo "1792"]
[PlyCount "118"]
[EventDate "2004.06.19"]

1. d4 e6 2. c4 Nf6 3. Nc3 Bb4 4. e3 Bxc3+ 5. bxc3 d6 6. Bd3 Qe7 7. Ne2 c5 8.
O-O O-O 9. e4 e5 10. f3 Ne8 11. Qc2 Nc6 12. d5 Na5 13. f4 b6 14. fxe5 dxe5 15.
Ng3 Nd6 16. Nf5 Bxf5 17. exf5 f6 18. Qe2 Rae8 19. Re1 Qd7 20. a4 e4 21. Bc2
Qxf5 22. Rf1 Qd7 23. Bf4 Naxc4 24. a5 Nxa5 25. Ba4 Qe7 26. Bxe8 Rxe8 27. Qa6
Rd8 28. Ra4 c4 29. Rfa1 g5 30. Bxd6 Rxd6 31. Qc8+ Rd8 32. Qf5 Qc5+ 33. Kh1 Qxd5
34. Qxf6 Qd1+ 35. Qf1 Qxf1+ 36. Rxf1 Rd3 37. Ra3 Kg7 38. Kg1 e3 39. g4 h5 40.
gxh5 Kh6 41. Re1 Kxh5 42. h3 Kh4 43. Kg2 g4 44. hxg4 Kxg4 45. Re2 Rd2 46. Rxd2
exd2 47. Ra1 Nb3 48. Rd1 Kf4 49. Kf2 a5 50. Ke2 a4 51. Rh1 a3 52. Rh4+ Ke5 53.
Rh5+ Kd6 54. Rh6+ Kc5 55. Rh5+ Kc6 56. Rh6+ Kb5 57. Rh5+ Ka4 58. Kd1 a2 59. Kc2
a1=Q 0-1

[Event "4NCL/Div4/NOTT vs. BRJ"]
[Site "West Bromwich ENG"]
[Date "2004.06.19"]
[Round "10.6"]
[White "Hall, Daniel J"]
[Black "Wright, Antony J"]
[Result "0-1"]
[WhiteElo "1760"]
[BlackElo "1880"]
[PlyCount "98"]
[EventDate "2004.06.19"]

1. e4 e6 2. d4 d5 3. exd5 exd5 4. Bd3 Bd6 5. c3 Nf6 6. Nf3 Bg4 7. Bg5 h6 8.
Qe2+ Be6 9. Bh4 O-O 10. O-O Re8 11. Ne5 Nbd7 12. f4 Nf8 13. Nd2 a6 14. Rae1 c5
15. Qf3 cxd4 16. cxd4 Bb4 17. Re2 Be7 18. Bxf6 Bxf6 19. Qh5 Qb6 20. Nb3 Qb4 21.
Kh1 Re7 22. g4 Rae8 23. g5 hxg5 24. fxg5 Bxe5 25. Rxe5 Bd7 26. Rxe7 Rxe7 27.
Qh4 Bb5 28. Bxb5 Qxb5 29. Qf4 Qe2 30. Rf2 Qe4+ 31. Kg1 Qxf4 32. Rxf4 Re2 33.
Rf2 Rxf2 34. Kxf2 Ne6 35. h4 b6 36. Ke3 Kh7 37. Nd2 Kg6 38. Nf3 f6 39. gxf6
gxf6 40. a3 Kh5 41. Ne1 Kxh4 42. Nd3 Kg4 43. Nb4 Nc7 44. Nc6 f5 45. Ne5+ Kg3
46. a4 f4+ 47. Ke2 Kg2 48. b4 b5 49. axb5 Nxb5 0-1

[Event "4NCL/Div4/OXF1 vs. GREN"]
[Site "West Bromwich ENG"]
[Date "2004.06.19"]
[Round "10.1"]
[White "Bilalic, Merim"]
[Black "Richards, John E"]
[Result "1-0"]
[WhiteElo "2290"]
[BlackElo "2035"]
[PlyCount "55"]
[EventDate "2004.06.19"]

1. e4 c5 2. Nc3 Nc6 3. g3 g6 4. Bg2 Bg7 5. d3 e6 6. Be3 d6 7. Qd2 Rb8 8. Nf3
Nd4 9. O-O b6 10. Ne1 Bb7 11. Nd1 Nc6 12. Nf3 Nd4 13. Nh4 Ne7 14. c3 Ndc6 15.
Bh6 O-O 16. Bxg7 Kxg7 17. Ne3 d5 18. exd5 Nxd5 19. Nxd5 exd5 20. f4 f5 21. d4
cxd4 22. cxd4 Re8 23. Rfe1 Qd6 24. Nf3 Re4 25. Ne5 Rxd4 26. Qc3 Kg8 27. Nxc6
Rc4 28. Bxd5+ 1-0

[Event "4NCL/Div4/OXF1 vs. GREN"]
[Site "West Bromwich ENG"]
[Date "2004.06.19"]
[Round "10.2"]
[White "Hardy, Roger"]
[Black "Savage, Ben D"]
[Result "0-1"]
[WhiteElo "2022"]
[BlackElo "2208"]
[PlyCount "80"]
[EventDate "2004.06.19"]

1. e4 c5 2. Nf3 e6 3. d4 cxd4 4. Nxd4 Nc6 5. Nxc6 bxc6 6. Bd3 d5 7. O-O Nf6 8.
e5 Nd7 9. Qe2 Qb6 10. c3 a5 11. Re1 Bc5 12. Bf4 a4 13. Bg3 Rb8 14. b4 axb3 15.
axb3 Qxb3 16. h3 Qb6 17. Nd2 Qc7 18. Nf3 g6 19. Kh1 Rb3 20. Qc2 Qb6 21. Ra2 Ra3
22. Rxa3 Bxa3 23. Rb1 Qc7 24. c4 dxc4 25. Bxc4 O-O 26. Qb3 Be7 27. Qe3 Kg7 28.
Bf4 Rd8 29. Nh2 Qa5 30. Ng4 h5 31. Nh2 Qc5 32. Qxc5 Nxc5 33. Be3 Ne4 34. g4
hxg4 35. hxg4 Nd2 36. Rc1 Nxc4 37. Rxc4 Rd5 38. Kg2 c5 39. f4 Bb7 40. Kf1 Ba6
0-1

[Event "4NCL/Div4/OXF1 vs. GREN"]
[Site "West Bromwich ENG"]
[Date "2004.06.19"]
[Round "10.3"]
[White "Coleman, James"]
[Black "Osborne, David"]
[Result "1-0"]
[WhiteElo "2187"]
[BlackElo "1864"]
[PlyCount "35"]
[EventDate "2004.06.19"]

1. d4 d5 2. Nf3 Nf6 3. c4 c6 4. Nc3 dxc4 5. e4 b5 6. e5 Nd5 7. a4 Bf5 8. axb5
Nxc3 9. bxc3 cxb5 10. Ng5 e6 11. g4 Bg6 12. Bg2 Nd7 13. Bxa8 Qxa8 14. Qf3 Qb8
15. h4 h6 16. h5 hxg5 17. hxg6 Rxh1+ 18. Qxh1 1-0

[Event "4NCL/Div4/OXF1 vs. GREN"]
[Site "West Bromwich ENG"]
[Date "2004.06.19"]
[Round "10.4"]
[White "Egginton, David C"]
[Black "Smallbone, Kieran"]
[Result "0-1"]
[WhiteElo "1912"]
[BlackElo "2147"]
[PlyCount "82"]
[EventDate "2004.06.19"]

1. c4 b6 2. Nf3 c5 3. Nc3 Nf6 4. g3 Bb7 5. Bg2 e6 6. O-O Be7 7. b3 a6 8. Bb2 d6
9. e3 Qc7 10. Rc1 Nbd7 11. Qe2 O-O 12. Rfd1 Ne4 13. Nb1 b5 14. d3 Nef6 15. Nbd2
Bc6 16. Nh4 Bxg2 17. Nxg2 bxc4 18. dxc4 a5 19. Bc3 a4 20. b4 cxb4 21. Bxb4 Nc5
22. e4 Rfc8 23. Bc3 Qc6 24. f3 Qa6 25. Kf2 Nfd7 26. Ne3 Rab8 27. Nc2 Rb7 28.
Rb1 Rxb1 29. Nxb1 Nb6 30. Nba3 Ncd7 31. Nb4 Qa7 32. Nb5 Qb8 33. Nd4 Bf8 34.
Nbc6 Qa8 35. Na5 Ne5 36. Nb5 Nbxc4 37. Nxc4 Nxc4 38. Rd4 Na3 39. Bb4 Nxb5 40.
Qxb5 Qa7 41. Qd3 e5 0-1

[Event "4NCL/Div4/OXF1 vs. GREN"]
[Site "West Bromwich ENG"]
[Date "2004.06.19"]
[Round "10.5"]
[White "O'Reilly, Gerard"]
[Black "Furnevall, Mark"]
[Result "1-0"]
[WhiteElo "2112"]
[BlackElo "1736"]
[PlyCount "107"]
[EventDate "2004.06.19"]

1. g3 g6 2. Bg2 Bg7 3. c4 d6 4. Nc3 e5 5. d3 Nc6 6. e4 Nf6 7. Nge2 O-O 8. O-O
Nh5 9. f4 exf4 10. Nxf4 Nxf4 11. Bxf4 Be6 12. Qd2 Qd7 13. Bh6 Bd4+ 14. Kh1 Rfe8
15. Ne2 Bh8 16. Nf4 Qe7 17. Rae1 Ne5 18. h3 a5 19. Kh2 a4 20. Nd5 Bxd5 21. exd5
Qd7 22. g4 Nxg4+ 23. hxg4 Qxg4 24. Bh3 Qd4 25. Rxe8+ Rxe8 26. Qf2 Qxb2 27. Qxb2
Bxb2 28. Rf2 a3 29. Bg4 f5 30. Bf3 Re1 31. Re2 Be5+ 32. Kg2 Rb1 33. Bg5 Rb2 34.
Bd8 c6 35. Bc7 g5 36. Bh5 g4 37. Kf1 Rb1+ 38. Kg2 Rb2 39. Kf1 g3 40. Bf3 Rb1+
41. Kg2 Rb2 42. dxc6 bxc6 43. c5 Kf7 44. Bxd6 Ke6 45. Bxe5 Rxe2+ 46. Bxe2 Kxe5
47. Kxg3 Kd4 48. Kf4 Kxc5 49. Kxf5 Kd4 50. Bf3 c5 51. Be4 h5 52. Kf4 h4 53. Bg6
Kc3 54. Kg4 1-0

[Event "4NCL/Div4/OXF1 vs. GREN"]
[Site "West Bromwich ENG"]
[Date "2004.06.19"]
[Round "10.6"]
[White "Hibbitt, Arthur M"]
[Black "Starkie, Ray"]
[Result "1/2-1/2"]
[WhiteElo "1744"]
[BlackElo "1976"]
[PlyCount "81"]
[EventDate "2004.06.19"]

1. f4 Nf6 2. Nf3 d6 3. g3 g6 4. Bg2 Bg7 5. O-O O-O 6. d3 c6 7. e4 Qb6+ 8. Kh1
Ng4 9. d4 a5 10. h3 Nf6 11. Nc3 Be6 12. Qd3 Qa6 13. Re1 Qxd3 14. cxd3 Na6 15.
a3 Bb3 16. e5 dxe5 17. dxe5 Nd5 18. d4 Nb6 19. Ne4 Rfd8 20. Bd2 Nc4 21. Bc3 a4
22. Ned2 Nxd2 23. Nxd2 Bd5 24. Ne4 Nc7 25. Nc5 b6 26. Ne4 Ne6 27. Rad1 Rd7 28.
Re2 Rad8 29. Red2 Bh6 30. Nf2 Bb3 31. Bxc6 Bxd1 32. Nxd1 Ra7 33. Ne3 Rc8 34. d5
Nc5 35. Bb4 Ne4 36. Rg2 e6 37. Kh2 exd5 38. Bxd5 Nc5 39. Bc4 Nd7 40. Rd2 Nc5
41. Nd5 1/2-1/2

[Event "4NCL/Div4/OXF2 vs. PPA2"]
[Site "West Bromwich ENG"]
[Date "2004.06.19"]
[Round "10.1"]
[White "Rawlinson, Aidan"]
[Black "Morgan, Ben"]
[Result "0-1"]
[WhiteElo "2056"]
[BlackElo "2204"]
[PlyCount "60"]
[EventDate "2004.06.19"]

1. d4 d5 2. Nf3 Nf6 3. Bf4 c5 4. e3 Qb6 5. dxc5 Qxb2 6. Nbd2 Nc6 7. c4 e6 8.
Qc1 Qb4 9. Rb1 Qxc5 10. Bd3 Qa3 11. Ke2 Be7 12. Bg5 Qd6 13. cxd5 Nxd5 14. Nc4
Qd8 15. e4 Nd4+ 16. Nxd4 Bxg5 17. Nd6+ Qxd6 18. Bb5+ Bd7 19. Bxd7+ Qxd7 20.
Qxg5 Nc3+ 21. Ke3 Nxb1 22. Qxg7 O-O-O 23. Rxb1 Rhg8 24. Qe5 Qd6 25. Qxd6 Rxd6
26. Nb5 Ra6 27. e5 b6 28. Rc1+ Kb8 29. Nd6 Ra3+ 30. Kf4 Rxa2 0-1

[Event "4NCL/Div4/OXF2 vs. PPA2"]
[Site "West Bromwich ENG"]
[Date "2004.06.19"]
[Round "10.2"]
[White "Waddington, Michael P"]
[Black "Milovanovics, Aleksander"]
[Result "1-0"]
[WhiteElo "2156"]
[BlackElo "2000"]
[PlyCount "125"]
[EventDate "2004.06.19"]

1. Nc3 g6 2. e4 Bg7 3. d4 c5 4. d5 d6 5. Nf3 Nf6 6. Be2 O-O 7. O-O Bg4 8. Be3
Nbd7 9. a4 Ne8 10. Qd2 a6 11. h3 Bxf3 12. Bxf3 Nc7 13. Be2 Rb8 14. a5 b5 15.
axb6 Rxb6 16. Ra2 Rb4 17. Bh6 Bxh6 18. Qxh6 Nf6 19. f3 e6 20. dxe6 fxe6 21. b3
d5 22. exd5 exd5 23. Rd1 d4 24. Bc4+ Rxc4 25. bxc4 Qe7 26. Nd5 Ncxd5 27. cxd5
Nxd5 28. Rxa6 Nb4 29. Rb6 Nxc2 30. Rxg6+ hxg6 31. Qxg6+ Qg7 32. Qxc2 Rxf3 33.
Qxc5 Rg3 34. Qd5+ Kh7 35. Qh5+ Kg8 36. Qe8+ Kh7 37. Qh5+ Kg8 38. Qd5+ Kh7 39.
Qf5+ Kh6 40. Qf4+ Kh7 41. Rd2 Rg6 42. Kh1 d3 43. Qe4 Qc3 44. Qxd3 Qc1+ 45. Rd1
Qg5 46. Qe4 Kh6 47. Rd7 Qc1+ 48. Kh2 Qg5 49. g4 Qc1 50. h4 Qb2+ 51. Kh3 Qc3+
52. Rd3 Qc8 53. h5 Re6 54. Qf4+ Kg7 55. Qg5+ Kh7 56. Qf5+ Kg7 57. Qg5+ Kh7 58.
Qf5+ Kg7 59. Kh4 Qe8 60. Rf3 Re5 61. Qf6+ Kg8 62. h6 Re7 63. Re3 1-0

[Event "4NCL/Div4/OXF2 vs. PPA2"]
[Site "West Bromwich ENG"]
[Date "2004.06.19"]
[Round "10.3"]
[White "Webster, Ian"]
[Black "Rosen, Daniel B"]
[Result "0-1"]
[WhiteElo "1856"]
[BlackElo "2145"]
[PlyCount "64"]
[EventDate "2004.06.19"]

1. e4 g6 2. d4 Bg7 3. Nc3 d6 4. Be2 Nf6 5. g4 c5 6. g5 Nfd7 7. Be3 Nc6 8. Nf3
Qa5 9. Qd2 cxd4 10. Nxd4 Nc5 11. f4 Nxe4 12. Nxc6 Qxc3 13. Qxc3 Nxc3 14. Bd4
Bxd4 15. Nxd4 Nxe2 16. Kxe2 Bd7 17. Kf2 h6 18. h4 hxg5 19. hxg5 O-O-O 20. Rae1
Rxh1 21. Rxh1 Rf8 22. Kg3 Kd8 23. Rh7 e6 24. c3 Ke7 25. Nf3 Bc6 26. Nd2 e5 27.
Nf1 Ke6 28. Ne3 f6 29. Rg7 Be4 30. Ng4 fxg5 31. fxg5 Rf3+ 32. Kh4 Bf5 0-1

[Event "4NCL/Div4/OXF2 vs. PPA2"]
[Site "West Bromwich ENG"]
[Date "2004.06.19"]
[Round "10.4"]
[White "Dignam, Matthew"]
[Black "Bruce, Dave"]
[Result "1-0"]
[WhiteElo "2141"]
[BlackElo "1920"]
[PlyCount "73"]
[EventDate "2004.06.19"]

1. e4 e6 2. d4 d5 3. Nd2 c5 4. exd5 Qxd5 5. Ngf3 cxd4 6. Bc4 Qd6 7. O-O Nf6 8.
Nb3 Nc6 9. Qe2 a6 10. Rd1 b5 11. Bd3 Be7 12. Nbxd4 Nxd4 13. Nxd4 O-O 14. Bg5
Bb7 15. Nf3 Qc6 16. c4 b4 17. a4 h6 18. Bh4 Rfd8 19. a5 Rd7 20. Qf1 Qc7 21. Qe2
Qc6 22. Bc2 Rxd1+ 23. Rxd1 Rc8 24. b3 Rd8 25. Rxd8+ Bxd8 26. Qd2 Be7 27. Bxf6
Bxf6 28. Qxb4 g6 29. Qd2 Kg7 30. h4 h5 31. Qe3 e5 32. Qb6 Qd7 33. Ng5 Bxg5 34.
hxg5 h4 35. Qf6+ Kg8 36. Qxe5 Kh7 37. Qf4 1-0

[Event "4NCL/Div4/OXF2 vs. PPA2"]
[Site "West Bromwich ENG"]
[Date "2004.06.19"]
[Round "10.5"]
[White "Burt, Will"]
[Black "Sayers, Raymond"]
[Result "0-1"]
[WhiteElo "1928"]
[BlackElo "2140"]
[PlyCount "58"]
[EventDate "2004.06.19"]

1. d4 Nf6 2. g4 Nxg4 3. e4 d6 4. Be2 Nf6 5. Nc3 c6 6. a4 Nbd7 7. Nf3 e5 8. Rg1
Qa5 9. Bd2 h6 10. b4 Qc7 11. d5 cxd5 12. exd5 a6 13. a5 b6 14. Nh4 Bb7 15. Bf3
g6 16. Qe2 bxa5 17. bxa5 Qc5 18. Ng2 Nxd5 19. Nxd5 Bxd5 20. Nf4 Bxf3 21. Qxf3
Rb8 22. Nd5 Bg7 23. Be3 Qxc2 24. Rc1 Rb1 25. Nc7+ Ke7 26. Nd5+ Kf8 27. Nb4
Rxc1+ 28. Bxc1 Qxc1+ 29. Ke2 Qb2+ 0-1